Science Quiz

Random Science or Clickable Quiz

Ecology Terminology #3 The Physical Environment Quiz Stats

 Plays Quiz not verified by Sporcle

Support Sporcle.
Go Orange.
Score 0/10 Timer 20:00
0 Plays Today
% Correct
Decreased air pressure, air density and air temperature!
100%
Latitude (and longitude to some degree), Altitude, and Season
80%
The shape of the earth, The latitude, the seasons, the axial tilt
80%
Local, Regional and Global
60%
Solar radiation is radiant energy emitted by the sun from a nuclear fusion reaction that creates electromagnetic energy. When intercepted by the earth we call it sunlight.
60%
In simple terms climate is the average condition for about 30 years.
40%
Governs distribution of terrestrial and some marine ecosystems (BIOMES).
40%
The large-scale movement of air. .
40%
Together with ocean circulation it is the means by which thermal energy is redistributed on the surface of the Earth
40%
Influences the temperature of our planet, and is essential to PHOTOSYNTHESIS.
40%

You're not logged in!

Compare scores with friends on all Sporcle quizzes.
OR
Log In

From the Vault

Holidays You 'May' Not Know

by bhenderson79

You just may learn a few things from this quiz.
Remove Ads.
Support Sporcle.
Get the best of Sporcle when you Go Orange. This ad-free experience offers more features, more stats, and more fun while also helping to support Sporcle. Thank you for becoming a member.

Show Comments

Extras

Top Quizzes Today


Score Distribution

Your Account Isn't Verified!

In order to create a playlist on Sporcle, you need to verify the email address you used during registration. Go to your Sporcle Settings to finish the process.

Report this User

Report this user for behavior that violates our Community Guidelines.

Details: